|
|
|
|
| LEADER |
01087nam a22002657a 4500 |
| 001 |
40521 |
| 003 |
BD-DhAAL |
| 005 |
20230511152356.0 |
| 008 |
230220t2020 bg ||||| |||| 00| 0 ben d |
| 020 |
|
|
|a 9789849489221
|
| 040 |
|
|
|a BD-DhAAL
|c BD-DhAAL
|
| 041 |
|
|
|a ben
|
| 082 |
|
|
|a 320.95492
|2 23
|
| 100 |
|
|
|a চৌধুরী, লতিফা.
|9 50512
|
| 245 |
|
|
|a তাঁদের যেমন দেখেছি /
|c লতিফা চৌধুরী.
|
| 246 |
|
|
|a Tader jemon dekhechi
|
| 260 |
|
|
|a ঢাকা :
|b ইনভেলাপ পাবলিকেশন্স,
|c ২০২০.
|
| 300 |
|
|
|a ১৯১ পৃষ্ঠা ;
|c ২২ সে.মি.
|
| 541 |
|
|
|a Donated By Akbar Ali Khan
|e 40521
|
| 650 |
|
|
|a Bengali literature.
|
| 651 |
|
|
|a Bangladesh
|x Politics and government.
|
| 852 |
|
|
|a Ayesha Abed Library
|c Akbar Ali Khan Collection
|
| 942 |
|
|
|2 ddc
|c BK
|
| 999 |
|
|
|c 45509
|d 45509
|
| 952 |
|
|
|0 0
|1 0
|2 ddc
|4 0
|6 320_954920000000000_CHO
|7 1
|9 73267
|a BRACUL
|b BRACUL
|c AAKC
|d 2023-02-20
|e Donated By Akbar Ali Khan
|g 300.00
|l 0
|o 320.95492 CHO
|p 3010040521
|r 2023-02-20
|t 1
|w 2023-02-20
|y BK
|